000 00717nam a2200241 i 4500
001 C2-0282226
003 PPAK
005 20180728012634.0
008 071002s2001 nyua|||| ||||| | eng d
020 _a0439364264
040 _aPPAK
_beng
_cPPAK
_erda
082 0 4 _a301.4120922
_223
090 0 0 _a301.4120922
_bHAR
_dRLCK
100 1 _aHarness, Cherly,
_eauthor
245 1 0 _aRemember the ladies :
_b100 great american women
264 1 _aNew York :
_bScholastic ,
_c2001
300 _a[ Various pages ] :
_bcolour illustrations ;
_c27 cm
336 _2rdacontent
_atext
337 _2rdamedia
_aunmediated
338 _2rdacarrier
_avolume
650 1 0 _aFeminists--United States--Biography
942 _ddc
_cB
999 _c88501
_d88501